Countries That Drink the Most Soda - Statistics

General Stats
  • This quiz has been taken 295 times
    226 since last reset
  • The average score is 4 of 10
Answer Stats
Litres Country % Correct
154 United States
99%
137 Mexico
84%
98 Germany
65%
155 Argentina
47%
141 Chile
42%
113 Uruguay
28%
89 Bolivia
27%
98 Norway
21%
109 Belgium
16%
89 Saudi Arabia
16%
No matching quizzes found
Score Distribution
Percent of People with Each Score
Percentile by Number Answered
Your Score History
You have not taken this quiz since the last reset